书目信息 |
| 题名: |
软件定义的GPS和伽利略接收机
|
|
| 作者: | 博尔卡伊 , Bertelsen, , Akos, 著 ;杨东凯 , 张飞舟 , 张波 译 | |
| 分册: | ||
| 出版信息: | 北京 国防工业出版社 2009.03 |
|
| 页数: | 10, 148页 | |
| 开本: | 26cm | |
| 丛书名: | ||
| 单 册: | ||
| 中图分类: | P228.4 , TN965.5 | |
| 科图分类: | ||
| 主题词: | 卫星导航--wei xing dao hang--导航接收机 | |
| 电子资源: | ||
| ISBN: | 978-7-118-06014-0 | |
| 000 | 01517nam0 2200373 450 | |
| 001 | 012010420062 | |
| 005 | 20100625164910.34 | |
| 010 | @a978-7-118-06014-0@dCNY28.00 (含光盘) | |
| 100 | @a20100625d2009 em y0chiy0120 ea | |
| 101 | 1 | @achi@ceng |
| 102 | @aCN@b110000 | |
| 105 | @aa a 000yy | |
| 106 | @ar | |
| 200 | 1 | @a软件定义的GPS和伽利略接收机@Aruan jian ding yi de GPS he jia li lue jie shou ji@f(丹) Kai Borre ... [等] 著@F(dan)Kai Borre...[deng]zhu@g杨东凯, 张飞舟, 张波译@Gyang dong kai,zhang fei zhou,zhang bo yi |
| 210 | @a北京@c国防工业出版社@d2009.03 | |
| 215 | @a10, 148页@c图@d26cm@e光盘1片 | |
| 300 | @a由总装备科技译著出版基金资助出版 | |
| 304 | @a题名页题 : (丹) Kai Borre, (美) Dennis M. Akos, (丹) Nicolaj Bertelsen, (丹) Peter Rinder, (丹) Soren Holdt Jensen著 | |
| 312 | @a英文并列题名取自封面 | |
| 314 | @a责任者规范汉译姓 : 博尔卡伊 | |
| 320 | @a有书目 (第146-148页) | |
| 330 | @a本书介绍了信号与系统、GPS信号、伽利略信号、GNSS天线和前端、GNSS接收机操作概述、捕获等共8章内容。 | |
| 500 | 10 | @aSoftware-defined GPS and galileo receiver@mChinese |
| 606 | 0 | @a卫星导航@Awei xing dao hang@x导航接收机 |
| 690 | @aP228.4@v4 | |
| 690 | @aTN965.5@v4 | |
| 701 | 1 | @a博尔卡伊@Abo er ka yi@g(Borre, Kai)@4著 |
| 701 | 1 | @aBertelsen,@bNicolaj@4著 |
| 701 | 1 | @aAkos,@bDennis M.@4著 |
| 702 | 0 | @a杨东凯@Ayang dong kai@4译 |
| 702 | 0 | @a张飞舟@Azhang fei zhou@4译 |
| 702 | 0 | @a张波@Azhang bo@4译 |
| 801 | 0 | @aCN@bRULIN@c20100625 |
| 905 | @b784364-66@dP228.4@eB952@f3 | |
| 软件定义的GPS和伽利略接收机/(丹) Kai Borre ... [等] 著/杨东凯, 张飞舟, 张波译.-北京:国防工业出版社,2009.03 |
| 10, 148页:图;26cm+光盘1片 |
| 由总装备科技译著出版基金资助出版 |
| ISBN 978-7-118-06014-0:CNY28.00 (含光盘) |
| 本书介绍了信号与系统、GPS信号、伽利略信号、GNSS天线和前端、GNSS接收机操作概述、捕获等共8章内容。 |
| ● |
| 相关链接 |
|
|
|
正题名:软件定义的GPS和伽利略接收机
索取号:P228.4/B952
 
预约/预借
| 序号 | 登录号 | 条形码 | 馆藏地/架位号 | 状态 | 备注 |
| 1 | 784364 | 207843645 | 自科库401/401自科库 121排2列2层/ [索取号:P228.4/B952] | 在馆 | |
| 2 | 784365 | 207843654 | 自科库401/401自科库 121排2列2层/ [索取号:P228.4/B952] | 在馆 | |
| 3 | 784366 | 207843663 | 自科库401/401自科库 121排2列2层/ [索取号:P228.4/B952] | 在馆 |